Statistics for Ohio Cities With Passenger Airports

Click here to take the quiz!

General Stats

  • This quiz has been taken 98 times
  • The average score is 9 of 9

Answer Stats

HintAnswer% Correct
BKLCleveland
100%
CLECleveland
100%
CMHColumbus
99%
LCKColumbus
99%
DAYDayton
99%
TOLToledo
98%
CAKAkron
92%
LUKCincinnati
91%
YNGYoungstown
90%

Score Distribution

Percentile by Number Answered

Percent of People with Each Score

Your Score History

You have not taken this quiz